[Event "HCL-M863"]
[Site "www.playchess.de"]
[Date "2006.02.10"]
[Round "4"]
[White "Duke01"]
[Black "richard"]
[WhiteElo "1680"]
[BlackElo "1794"]
[PlyCount "70"]
[Result "0-1"]

1.e4 c5 2.Nf3 e6 3.Be2 d6 4.Nc3 Nf6 5.O-O a6 6.d4 
cxd4 7.Nxd4 Be7 8.f4 O-O 9.Be3 Qc7 10.f5 e5 11.Nf3 
Nbd7 12.h3 b5 13.a3 Bb7 14.Nd5 Nxd5 15.exd5 Nf6 
16.Ng5 Nxd5 17.Bc1 Rac8 18.c3 Qb6+ 19.Kh2 Ne3 
20.Bxe3 Qxe3 21.Nf3 d5 22.Qd2 Qxd2 23.Nxd2 Bf6 
24.a4 b4 25.cxb4 Rc2 26.Rfd1 Rxb2 27.b5 a5 28.Bf1 
Rc8 29.Ra3 Rcc2 30.Rd3 Kf8 31.Nb3 Bd8 32.R1d2 
Rcxd2 33.Nxd2 Bb6 34.Nb3 e4 {connected passers are 
hard to stop}  35.Rc3 d4 0-1

[Event "HCL-E1571"]
[Site "www.playchess.de"]
[Date "2006.02.10"]
[Round "15"]
[White "alldrix"]
[Black "yannick"]
[WhiteElo "1645"]
[BlackElo "1553"]
[PlyCount "89"]
[Result "1/2-1/2"]

1.e4 d6 2.d4 {salut!}  Nf6 {U2}  3.Nc3 g6 4.Nf3 
Bg7 5.Bc4 O-O 6.O-O Nxe4 7.Nxe4 d5 8.Bxd5 Qxd5 
9.Re1 Bg4 10.c3 Nc6 11.h3 Bf5 12.Ng3 e6 13.Nf1 Be4 
14.N1d2 Bd3 15.Re3 Ba6 16.b3 Qf5 17.Bb2 Rad8 
18.Ne4 Qf4 19.Bc1 e5 20.Re1 Qf5 21.d5 h6 22.Bb2 
Rfe8 23.c4 Nd4 24.Nxd4 exd4 25.Nc5 Qf4 26.Qd3 Re5 
27.Nxa6 bxa6 28.g3 Rxe1+ 29.Rxe1 Qf6 30.Re4 c5 
31.Bc1 g5 32.Ba3 Bf8 33.f4 Bd6 34.fxg5 hxg5 35.Rg4 
Re8 36.Qd2 Re3 37.Qf2 Qe5 38.Kf1 Re4 39.Rxe4 Qxe4 
40.Kg1 g4 41.hxg4 Qxg4 42.Kg2 Qe4+ 43.Qf3 Qc2+ 
44.Qf2 Qe4+ 45.Qf3 {(offering draw)} 
 1/2-1/2

[Event "HCL-B3804"]
[Site "www.playchess.de"]
[Date "2006.02.10"]
[Round "21"]
[White "ulibear"]
[Black "Snillie"]
[WhiteElo "1264"]
[BlackElo "1479"]
[PlyCount "104"]
[Result "1/2-1/2"]

1.Nf3 {good luck to you! :-)}  Nf6 2.d4 e6 3.c4 b6 
4.g3 Ba6 5.Qc2 c5 6.e3 Nc6 7.b3 Bb7 8.d5 Nb4 9.Qd1 
exd5 10.a3 Na6 11.cxd5 Nxd5 12.Bg2 Be7 13.O-O O-O 
14.Nh4 Nac7 15.Bb2 Bxh4 16.gxh4 Qxh4 17.Qf3 Rab8 
18.Qg3 Qxg3 19.hxg3 Ne7 20.Bxb7 Rxb7 21.Nc3 d5 
22.Rad1 Rd8 23.e4 d4 24.Nb1 Ng6 25.f4 Ne8 26.Kg2 
Nf6 27.Nd2 b5 28.Kf3 Rc7 29.e5 Nd5 30.Rf2 Nb6 
31.Ne4 Nc8 32.Rfd2 Nge7 33.R2d3 Rc6 34.b4 c4 
35.R3xd4 Rxd4 36.Rxd4 h6 37.Rd8+ Kh7 38.Nc5 Nb6 
39.Ke4 Rc8 40.Rd1 Nc6 41.g4 Rd8 42.Rd6 Rxd6 
43.exd6 Kg8 44.d7 Kf8 45.Be5 Ke7 46.Bxg7 Nxd7 
47.Nxd7 Kxd7 48.Bxh6 a5 49.bxa5 Nxa5 50.Kd4 Nb7 
51.f5 Nd6 52.Bd2 Kc6 {(offering draw)} 
 1/2-1/2

[Event "HCL-M853"]
[Site "www.playchess.de"]
[Date "2006.02.10"]
[Round "7"]
[White "spieler"]
[Black "Ezechiel"]
[WhiteElo "1706"]
[BlackElo "1819"]
[PlyCount "95"]
[Result "1/2-1/2"]

1.e4 e6 {Hallo Spieler, viel Spass beim Turnier!}  
2.d4 c5 3.Nf3 cxd4 4.Nxd4 Nf6 5.Nc3 Bb4 6.e5 Ne4 
7.Qg4 Nxc3 8.a3 Nb5+ 9.axb4 Nxd4 10.Qxd4 Nc6 
11.Qe4 d5 12.exd6 Qxd6 13.Bb5 Bd7 14.O-O O-O 15.c3 
f5 16.Qh4 f4 17.g3 Ne5 18.Be2 Bb5 19.gxf4 Bxe2 
{Das sieht mehr nach einer wilden Schlacht aus 
...}  20.fxe5 {Na, dann auf ins Gefecht !}  Qxe5 
21.Re1 Qd5 22.Bf4 Qf3 23.Bg3 a6 24.c4 Qd3 25.Rac1 
Rac8 26.Qe7 Qe4 27.Rc3 Rfe8 28.Qg5 Qf5 29.Qe3 Bg4 
30.f3 Bh3 31.Qb6 Qf7 32.b5 axb5 33.Qxb5 Red8 
34.Qg5 Rd4 35.Be5 Rdxc4 {[Looking for the trap]}  
36.Rxc4 Rxc4 37.Qd8+ Qf8 38.Rd1 Rc8 39.Qxf8+ Rxf8 
40.Kf2 Bg4 41.Rd3 Bh5 42.f4 Be8 43.Rd8 Bc6 
44.Rxf8+ Kxf8 45.Kg3 Kf7 46.Kg4 Kg6 47.h4 h6 
48.Bc3 {(offering draw)}  1/2-1/2

[Event "HCL-A2540"]
[Site "www.playchess.de"]
[Date "2006.02.10"]
[Round "11"]
[White "HOTSUN"]
[Black "padre"]
[WhiteElo "1603"]
[BlackElo "1373"]
[PlyCount "77"]
[Result "1-0"]

1.e4 {hi gl}  c5 {Hello from Boerne, TX}  2.Nf3 
{im in loondon where all the loons live}  d6 {I 
used to go to London some, but always for work.}  
3.d4 {ok ive been to the US(hawaii,la,florida)a 
few times.}  cxd4 4.Nxd4 {why the name?}  Nf6 
{It's what my kids call me. Two boys. Lots of 
Spanish in this part of the world.}  5.Nc3 {what 
does it mean in spanish?}  g6 {padre = father}  
6.Bd3 {ok}  Bg7 7.O-O Nc6 8.Nxc6 bxc6 9.Re1 Be6 
10.Be3 Ng4 11.Bd2 Qb6 12.Qe2 O-O 13.Na4 Qc7 14.f4 
Bxb2 15.Nxb2 Qb6+ 16.Be3 Nxe3 17.Qxe3 Qxb2 18.Reb1 
Qg7 19.a4 Rfb8 20.e5 Qf8 21.Ba6 Rxb1+ 22.Rxb1 Rb8 
23.Bb7 c5 24.Qd3 Bc8 25.Qa6 Bxb7 26.Rxb7 Qc8 
27.Rxa7 Qxa6 28.Rxa6 Rb4 29.exd6 exd6 30.g3 Rc4 
31.a5 Rxc2 32.Rxd6 Ra2 33.a6 Kg7 34.Rc6 f5 35.Rc7+ 
Kh6 36.a7 c4 37.h3 c3 38.g4 c2 39.g5+ {gg thanks} 
 1-0

[Event "HCL-A2482"]
[Site "www.playchess.de"]
[Date "2006.02.10"]
[Round "2"]
[White "manifold"]
[Black "AidyT"]
[WhiteElo "1509"]
[BlackElo "1345"]
[PlyCount "71"]
[Result "1-0"]

1.d4 {Hi!}  Nf6 {Hi and good luck.}  2.Nf3 e6 
3.Bg5 Be7 4.e3 O-O 5.Bd3 Nc6 6.Ne5 Nxe5 7.dxe5 Nd5 
8.Bxe7 Nxe7 9.O-O d6 10.Nc3 dxe5 11.Qh5 h6 12.Qxe5 
Qd6 13.Qe4 g6 14.Qh4 h5 15.Ne4 Nf5 16.Nf6+ Kg7 
17.Nxh5+ gxh5 18.Qg5+ Kh7 19.Qxh5+ Kg7 20.Rad1 Qe7 
21.e4 Nh6 22.Rfe1 e5 23.h3 Qf6 24.Re3 Kh7 25.Rg3 
Be6 26.Rf3 Qg6 27.Qxe5 Qg7 28.Qxc7 Bxa2 29.Qxb7 
Be6 30.e5+ Kh8 31.Qe4 Rfd8 32.Qh4 Rd5 33.Rf6 Rxe5 
34.Rxh6+ Kg8 35.Bh7+ Kf8 36.Rd8+ 1-0

[Event "HCL-A2586"]
[Site "www.playchess.de"]
[Date "2006.02.10"]
[Round "19"]
[White "dynamike"]
[Black "hal1958"]
[WhiteElo "1431"]
[BlackElo "1394"]
[PlyCount "74"]
[Result "0-1"]

1.e4 e5 {have a nice game}  2.Nf3 {good luck}  d6 
3.Bc4 Be6 4.Bxe6 fxe6 5.d4 exd4 6.Nxd4 Qf6 7.c3 a6 
8.O-O e5 9.Nf3 h6 10.Be3 Ne7 11.Nbd2 Nd7 12.Qb3 
O-O-O 13.Nc4 Nc6 14.Rad1 g5 15.Qc2 Qe6 16.b3 Nf6 
17.h3 Rh7 18.a4 Rhd7 19.Na3 d5 20.exd5 R7xd5 
21.Rxd5 Rxd5 22.c4 Rd7 23.Nb1 e4 24.Nfd2 Qe5 
25.Nc3 Nb4 26.Qc1 Bd6 27.g3 h5 28.Ncxe4 Nxe4 
29.Nxe4 Qxe4 30.Bxg5 Bc5 31.Rd1 Nd3 32.Qd2 Bxf2+ 
33.Kh2 Qf3 34.Bh4 Ne5 35.Qg5 Qxd1 36.Qg8+ Rd8 
37.Qe6+ Kb8 0-1

[Event "HCL-B3772"]
[Site "www.playchess.de"]
[Date "2006.02.10"]
[Round "3"]
[White "Oksana_k"]
[Black "bcalmac"]
[WhiteElo "1200"]
[BlackElo "1400"]
[PlyCount "52"]
[Result "0-1"]

1.e4 e5 2.f4 exf4 3.Nf3 d6 4.d4 g5 5.h4 g4 6.Ng1 
Bh6 7.Bc4 f5 8.Qd3 Qe7 9.Nc3 Nf6 10.Nge2 Nxe4 
11.Nxe4 fxe4 12.Qb3 e3 13.Qb5+ Kd8 14.Qh5 Qf6 
15.Rf1 Re8 16.Bd3 Nc6 17.c3 Re7 18.Kd1 b6 19.Kc2 
Na5 20.b3 c5 21.dxc5 Re5 22.Rxf4 Bxf4 23.Qxh7 dxc5 
24.Qg8+ Kc7 25.b4 c4 26.Bxc4 Bf5+ 0-1

[Event "HCL-B3887"]
[Site "www.playchess.de"]
[Date "2006.02.10"]
[Round "9"]
[White "Ulpe"]
[Black "IRONMAIDEN"]
[WhiteElo "1604"]
[BlackElo "1228"]
[PlyCount "59"]
[Result "1-0"]

1.e4 e5 {Ich grüße Dich!}  2.Nf3 Nc6 3.Bb5 Bd6 
4.O-O a6 5.Ba4 b5 6.Bb3 Nge7 7.Ng5 O-O 8.Qh5 h6 
9.Nxf7 Rxf7 10.Qxf7+ Kh8 11.d3 Qg8 12.Qh5 Qf8 
13.Be3 Bb7 14.Nd2 Qf6 15.c3 Rf8 16.a4 b4 17.Nc4 a5 
18.Rad1 Nd8 19.Nxa5 bxc3 20.bxc3 Ba6 21.Bc4 Bxc4 
22.Nxc4 Nf7 23.a5 Ng8 24.Rda1 Be7 25.a6 Ng5 
26.Bxg5 Qxg5 27.Qxg5 hxg5 28.Nxe5 d6 29.Ng6+ Kh7 
30.Nxf8+ 1-0

[Event "HCL-A2519"]
[Site "www.playchess.de"]
[Date "2006.02.10"]
[Round "1"]
[White "GED"]
[Black "Wernswig"]
[WhiteElo "1431"]
[BlackElo "1489"]
[PlyCount "129"]
[Result "1-0"]

1.e4 {hello and good luck!}  e5 {hi, good luck to 
you too}  2.Nf3 Nf6 3.Nxe5 Qe7 4.Nf3 Nxe4 5.Be2 
Qd8 6.d4 Be7 7.c4 d6 8.Qc2 Nf6 9.Nc3 Bg4 10.Bg5 
Nbd7 11.O-O O-O 12.Rfe1 Bh5 13.Nh4 Bg6 14.Nxg6 
fxg6 15.Qb3 Ne4 16.Bxe7 Qxe7 17.c5+ Kh8 18.Bf3 
Rxf3 19.Rxe4 Qg5 20.Rae1 Rff8 21.cxd6 cxd6 22.Qxb7 
Nf6 23.R4e7 Nh5 24.Qc6 Qf6 25.Nd1 Rad8 26.Qc7 Nf4 
27.Qxd8 Rxd8 28.R7e8+ Qf8 29.Rxf8+ Rxf8 30.Re7 Nd3 
31.Rxa7 Re8 32.Ne3 Nxb2 33.Rd7 Nc4 34.Kf1 Nd2+ 
35.Ke2 Nc4 36.a4 Nb6 37.Ra7 h6 38.a5 Na8 39.Rd7 
Kg8 40.Rxd6 Nc7 41.Rxg6 Ra8 42.Nc4 Nb5 43.Kd3 Kf7 
44.Rb6 Na7 45.Ra6 Ke7 46.Ne5 Kd8 47.Nc6+ Kc7 
48.Rxa7+ Rxa7 49.Nxa7 Kb7 50.Ke4 Kxa7 51.Ke5 Ka6 
52.Ke6 Kxa5 53.Ke7 Kb6 54.d5 Kb7 55.d6 Kc6 56.d7 
Kc5 57.d8Q Kc6 58.Qd6+ Kb5 59.Qd4 Kc6 60.Ke6 Kc7 
61.Qd6+ Kb7 62.Kd7 Ka7 63.Qb4 Ka6 64.Kc7 Ka7 {good 
game, congratulations
}  65.Qb7+ 1-0

[Event "HCL-E1541"]
[Site "www.playchess.de"]
[Date "2006.02.10"]
[Round "9"]
[White "XANDERKIRV"]
[Black "vvv_v"]
[WhiteElo "1499"]
[BlackElo "1840"]
[PlyCount "66"]
[Result "0-1"]

1.e4 {Hello and good luck.}  e5 2.Nf3 Nc6 3.Bb5 a6 
4.Ba4 d6 5.h3 Bd7 6.c3 Nf6 7.d3 Be7 8.O-O O-O 
9.Ne1 b5 10.Bc2 d5 11.f4 Bc5+ 12.Kh1 dxe4 13.dxe4 
Qe7 14.f5 Rfd8 15.Qf3 b4 16.Bg5 h6 17.Bh4 Bd6 
18.Nd3 Rab8 19.c4 Nd4 20.Qd1 Bc6 21.Nf2 Bc5 22.Qc1 
Nxc2 23.Qxc2 Bxf2 24.Rxf2 Bxe4 25.Qe2 Bd3 26.Qe3 
Bxc4 27.b3 Rd1+ 28.Kh2 Bd3 29.Rd2 Rxb1 30.Rxb1 
Bxb1 31.g4 Nxg4+ 32.hxg4 Qxh4+ 33.Qh3 
Qxh3+ 0-1

[Event "HCL-E1502"]
[Site "www.playchess.de"]
[Date "2006.02.10"]
[Round "11"]
[White "Glomp"]
[Black "hal1958"]
[WhiteElo "1660"]
[BlackElo "1500"]
[PlyCount "89"]
[Result "1-0"]

1.e4 e5 2.Nf3 d6 3.d4 Nf6 4.Nc3 Nbd7 5.Bc4 Be7 
6.O-O O-O 7.Qe2 exd4 8.Nxd4 a6 9.a4 Ne5 10.Bb3 c5 
11.Nf5 Bxf5 12.exf5 Rb8 13.Nd5 b5 14.axb5 axb5 
15.c3 c4 16.Nxe7+ Qxe7 17.Bc2 Qc7 18.h3 Rba8 
19.Bg5 Nfd7 20.Rxa8 Rxa8 21.f6 h6 22.Qe4 Nf8 
23.Bf4 Ra2 24.fxg7 Kxg7 25.Bc1 Nfg6 26.h4 h5 
27.Bb1 Ra7 28.Be3 Rb7 29.Bd4 Rb8 30.f4 Re8 31.fxe5 
dxe5 32.Be3 Qd7 33.Bc2 Qg4 34.Qxg4 hxg4 35.Bg5 Re6 
36.Rd1 f6 37.Be3 Nxh4 38.Bf2 Ng6 39.Bf5 Re7 
40.Bxg4 Nf4 41.Rd7 Kf7 42.Bc5 Rxd7 43.Bxd7 Nd3 
44.Ba3 e4 45.Kf1 1-0

[Event "HCL-A2578"]
[Site "www.playchess.de"]
[Date "2006.02.10"]
[Round "1"]
[White "torbalan"]
[Black "archship"]
[WhiteElo "1314"]
[BlackElo "1231"]
[PlyCount "100"]
[Result "0-1"]

1.e4 c5 2.d4 cxd4 3.Qxd4 Nc6 4.Qd1 Nf6 5.Nc3 e6 
6.Be2 Bb4 7.Bd2 Bxc3 8.Bxc3 Nxe4 9.Qd3 Nxc3 
10.Qxc3 O-O 11.Nf3 b6 12.O-O Bb7 13.Ne5 Nxe5 
14.Qxe5 d6 15.Qg3 Qf6 16.c3 Rac8 17.Rad1 d5 18.Bf3 
a5 19.Rfe1 b5 20.a3 a4 21.Re2 Ba6 22.Re3 Rc4 
23.Qd6 Bb7 24.Qb6 Ba8 25.Qxb5 Bc6 26.Qb6 Qf5 
27.Red3 Qe5 28.b3 axb3 29.Qxb3 Ba4 30.Re3 Bxb3 
31.Rxe5 Bxd1 32.Bxd1 Rxc3 33.a4 Rc1 34.Re1 Ra8 
35.Kf1 Rb8 36.Ke2 Rb2+ 37.Kf3 Rc3+ 38.Re3 Rxe3+ 
39.Kxe3 Ra2 40.Kf3 Kf8 41.g3 Ke7 42.h4 Kd6 43.Kg2 
Kc5 44.Kf1 Kb4 45.f4 Kc3 46.g4 Kd2 47.Bb3 Rb2 
48.Bxd5 exd5 49.Kf2 Kc3+ 50.Ke3 
Ra2 0-1

[Event "HCL-C4095"]
[Site "www.playchess.de"]
[Date "2006.02.10"]
[Round "8"]
[White "epenz"]
[Black "ocluanain"]
[WhiteElo "1024"]
[BlackElo "977"]
[PlyCount "79"]
[Result "1-0"]

1.e4 e5 2.Nf3 Nc6 3.Bc4 Nf6 4.d3 Bb4+ 5.Bd2 Bc5 
6.O-O O-O 7.Nc3 d6 8.Bg5 Bg4 9.Nd5 Qd7 10.Bxf6 Qe8 
11.Nxc7 Qc8 12.Bxg7 Kxg7 13.Nxa8 Qxa8 14.h3 Bh5 
15.g4 Bg6 16.h4 h5 17.g5 Qc8 18.Qe2 a6 19.c3 f6 
20.b4 Bb6 21.Kh2 fxg5 22.Nxg5 Nd8 23.Rfg1 Bxf2 
24.Rg2 Bxh4 25.Rf1 b5 26.Bd5 Qxc3 27.Rxf8 Kxf8 
28.Qf3+ Ke7 29.Kh3 Be1 30.Qe2 Qc8+ 31.Kh2 Bxb4 
32.Nf3 Bf7 33.Rg7 Ne6 34.Bxe6 Kxe6 35.d4 Kf6 
36.Qg2 exd4 37.Qg5+ Ke6 38.Nxd4+ Kd7 39.Rxf7+ Ke8 
40.Qe7+ 1-0

[Event "HCL-C4082"]
[Site "www.playchess.de"]
[Date "2006.02.10"]
[Round "8"]
[White "spartan1"]
[Black "epenz"]
[WhiteElo "928"]
[BlackElo "1024"]
[PlyCount "79"]
[Result "1-0"]

1.e4 e5 2.Bc4 Nf6 3.Nf3 d6 4.O-O Be7 5.Ng5 d5 
6.Bb5+ Bd7 7.Nc3 d4 8.Bxd7+ Nbxd7 9.Nb1 c5 10.d3 
h6 11.Nh3 O-O 12.Na3 a6 13.c4 Qc7 14.Nc2 b5 15.b3 
b4 16.a4 a5 17.Ne1 Ng4 18.Qxg4 Qc6 19.Nf3 {This  
is surely a weird looking board. And I seem to be 
at a disadvantage as usual.}  Nf6 {yes?}  20.Qf5 
Ra6 21.Nxe5 Qe6 22.Nf4 Qxf5 23.exf5 Bd6 24.Nf3 
Bxf4 25.Bxf4 Re8 26.h3 Nh5 27.Rae1 Raa8 28.Bd6 
Rxe1 29.Nxe1 Rc8 30.g4 Nf4 31.Bxf4 f6 32.Bd6 Kf7 
33.Nf3 g5 34.fxg6+ Kxg6 35.Kg2 Kf7 36.Re1 Rc6 
37.Bf4 Kg6 38.Kg3 Kf7 39.Bxh6 f5 
40.Ne5+ 1-0

[Event "HCL-C4082"]
[Site "www.playchess.de"]
[Date "2006.02.10"]
[Round "20"]
[White "Mauro_R_Santos"]
[Black "epenz"]
[WhiteElo "1627"]
[BlackElo "1024"]
[PlyCount "39"]
[Result "1-0"]

1.e4 e5 2.Qf3 {greetings from Brazil !!! gl}  Nf6 
3.Nh3 h6 {saludos...y buena suerte}  4.g4 d6 5.d4 
{buena suerte para usted tambien ... !!}  exd4 
6.g5 hxg5 7.Nxg5 Bg4 8.Qg3 c5 9.h3 Bh5 10.Bc4 Be7 
11.Nxf7 Bxf7 12.Qxg7 Rf8 13.Bxf7+ Kd7 14.e5 dxe5 
15.Na3 Kc7 16.Nb5+ Kc6 17.Qg2+ Nd5 18.Qg6+ Bf6 
19.c4 Ne7 20.Qxf6+ 1-0

[Event "HCL-B3847"]
[Site "www.playchess.de"]
[Date "2006.02.10"]
[Round "5"]
[White "nico21"]
[Black "WStanEvans"]
[WhiteElo "1512"]
[BlackElo "1410"]
[PlyCount "69"]
[Result "1/2-1/2"]

1.e4 e5 2.Nf3 Nc6 3.Bb5 a6 4.Ba4 Nf6 5.O-O Be7 
6.Re1 b5 7.Bb3 d6 8.h3 O-O 9.c3 Na5 10.Bc2 c5 
11.d4 Nd7 12.Nbd2 exd4 13.cxd4 Nc6 14.dxc5 dxc5 
15.Nf1 Nde5 16.Nxe5 Nxe5 17.Bf4 Ng6 18.Be3 Be6 
19.Qxd8 Rfxd8 20.Rad1 Ne5 21.b3 Nc6 22.Ng3 Rd7 
23.Rxd7 Bxd7 24.Rd1 Be6 25.f4 Rd8 26.Rxd8+ Nxd8 
27.Kf1 Nc6 28.Bb1 f6 29.Ke2 Bc8 {(offering draw)}  
30.Nh1 Bb7 31.Nf2 Na5 32.Bd2 Bd8 33.Ke3 Bb6 
34.Bxa5 Bxa5 35.Nd1 {(offering draw)} 
 1/2-1/2

[Event "HCL-C4086"]
[Site "www.playchess.de"]
[Date "2006.02.10"]
[Round "10"]
[White "papolo"]
[Black "Sinned"]
[WhiteElo "799"]
[BlackElo "800"]
[PlyCount "43"]
[Result "1-0"]

1.e4 Nf6 2.e5 Nd5 3.Bc4 Nb6 4.Qf3 Nxc4 5.d3 Nxe5 
6.Qf4 Ng6 7.Qe3 e6 8.h4 Nxh4 9.g3 Nf5 10.Qf3 Qf6 
11.a4 Bb4+ 12.Nd2 Ne3 13.fxe3 Nc6 14.c3 Bc5 15.Nh3 
h5 16.Rf1 Qe5 17.d4 Qd6 18.dxc5 Qxc5 19.Nb3 Qd5 
20.e4 Qxb3 21.Bg5 Qxb2 22.Qxf7+ 1-0

[Event "HCL-B3850"]
[Site "www.playchess.de"]
[Date "2006.02.10"]
[Round "7"]
[White "spencer"]
[Black "Marvinni"]
[WhiteElo "996"]
[BlackElo "1787"]
[PlyCount "24"]
[Result "0-1"]

1.e4 {good luck}  e5 {good luck to you}  2.Qf3 Nf6 
3.g4 Nc6 4.c3 d5 5.exd5 Bxg4 6.Qe3 Nxd5 7.Qd3 Bc5 
8.Qb5 Qf6 9.Qxc5 O-O-O 10.Bg2 Nf4 11.Kf1 Nd3 
12.Qc4 Qxf2+ 0-1

[Event "HCL-B3839"]
[Site "www.playchess.de"]
[Date "2006.02.10"]
[Round "3"]
[White "Marvinni"]
[Black "PhilipKaveny"]
[WhiteElo "1798"]
[BlackElo "1353"]
[PlyCount "54"]
[Result "1/2-1/2"]

1.f4 {hello from Northern Ireland}  e5 2.fxe5 d5 
{Great I have been to the Republic of Ireland 
Twice and meant to go to Belfast}  3.exd6 Bxd6 
4.Nf3 {the whole island is beautiful
}  Bg4 5.g3 Bxf3 6.exf3 Qe7+ 7.Qe2 Qxe2+ 8.Bxe2 
Nf6 9.Nc3 a6 10.d4 O-O 11.Bg5 Nbd7 12.O-O-O h6 
13.Bxf6 Nxf6 14.Ne4 Nxe4 15.fxe4 c5 16.d5 f5 
17.exf5 Rxf5 18.c4 Rf2 19.Bd3 Be5 20.Rd2 Rxd2 
21.Kxd2 Bxb2 22.Rb1 Bd4 23.Rxb7 Rf8 24.Bg6 Rf6 
25.Rb8+ Rf8 26.Rxf8+ Kxf8 {Check on H7 was best 
wins the rook I have small drawing chances}  
27.Kd3 {what am i like}  Ke7 {(offering draw)} 
 1/2-1/2

[Event "HCL-C4146"]
[Site "www.playchess.de"]
[Date "2006.02.10"]
[Round "6"]
[White "epenz"]
[Black "nichju"]
[WhiteElo "932"]
[BlackElo "1125"]
[PlyCount "91"]
[Result "1-0"]

1.e4 e5 2.Nf3 Nc6 3.Nc3 f5 4.d3 Nge7 5.Be2 d5 
6.O-O dxe4 7.dxe4 Qxd1 8.Rxd1 f4 9.a3 Ng6 10.h3 
Bc5 11.Nd5 O-O 12.Nxc7 Rb8 13.Nb5 a6 14.Nc3 Nd4 
15.Nd5 Nxf3+ 16.Bxf3 Nh4 17.b4 Bd4 18.c3 Nxf3+ 
19.gxf3 Bxh3 20.cxd4 exd4 21.Rxd4 Rbc8 22.Rd1 Rc6 
23.Ne7+ Kh8 24.Nxc6 h6 25.Na5 Kh7 26.Nxb7 Rf6 
27.Rd6 Rf7 28.Nc5 h5 29.Rxa6 g5 30.Ne6 Rd7 
31.Nxg5+ Kh8 32.Nxh3 Rd1+ 33.Kg2 h4 34.Rh6+ Kg7 
35.Rxh4 Rd6 36.Bxf4 Rg6+ 37.Rg4 Rxg4+ 38.fxg4 Kg6 
39.f3 Kf6 40.b5 Ke6 41.Rd1 Kf6 42.b6 Kg6 43.b7 Kf6 
44.b8Q Kg6 45.Rd5 Kf6 46.Qb6+ 1-0

[Event "HCL-A2569"]
[Site "www.playchess.de"]
[Date "2006.02.10"]
[Round "7"]
[White "vega3"]
[Black "PartyJokker"]
[WhiteElo "1443"]
[BlackElo "1323"]
[PlyCount "29"]
[Result "1-0"]

1.e4 e5 2.Nf3 Nc6 3.Bb5 Bc5 4.Nc3 d6 5.h3 Bd7 
6.O-O Nf6 7.d3 h6 8.Re1 a6 9.Bxc6 Bxc6 10.Be3 Bb4 
11.a3 Bxc3 12.bxc3 O-O 13.Nh4 Nxe4 14.Qg4 Nf6 
15.Qg3 1-0

[Event "ACL-A655"]
[Site "www.playchess.de"]
[Date "2006.02.10"]
[Round "8"]
[White "miki75"]
[Black "Chascarrillo"]
[WhiteElo "1500"]
[BlackElo "2132"]
[PlyCount "54"]
[Result "0-1"]

1.g3 g6 2.Bg2 Bg7 3.d3 Nf6 4.e4 d6 5.Nc3 c6 6.Nf3 
Nbd7 7.Bd2 O-O 8.O-O e5 9.Nh4 Nc5 10.Qc1 Ne6 
11.Nf3 Ne8 12.h4 f5 13.Bh6 f4 14.h5 Bxh6 15.hxg6 
hxg6 16.Ne2 Kg7 17.g4 Ng5 18.Nxg5 f3 19.Qe1 Qxg5 
20.Ng3 fxg2 21.Kxg2 Qxg4 22.Rh1 Qf3+ 23.Kg1 Bf4 
24.Qf1 Bxg3 25.fxg3 Qxg3+ 26.Qg2 Qe3+ 27.Kh2 
Rh8+ 0-1

[Event "ACL-A663"]
[Site "www.playchess.de"]
[Date "2006.02.10"]
[Round "10"]
[White "PhilipKaveny"]
[Black "WPrimo"]
[WhiteElo "1425"]
[BlackElo "1575"]
[PlyCount "47"]
[Result "1-0"]

1.e4 e5 2.Bc4 h6 3.Nf3 Nc6 4.O-O Bc5 5.c3 d6 6.d4 
exd4 7.cxd4 Bb4 8.d5 Na5 9.Qa4+ c6 10.Qxb4 Nxc4 
11.Qxc4 Ne7 12.dxc6 bxc6 13.Nc3 a5 14.e5 Ba6 
15.Qg4 {Very Good}  Bxf1 16.Kxf1 f5 17.exf6 gxf6 
18.Ne4 Nd5 19.Bf4 Nxf4 20.Qxf4 Kf7 21.Nxd6+ Kg6 
22.Nh4+ Kh7 23.Qf5+ Kg8 24.Qg6+ 1-0

[Event "HCL-B3799"]
[Site "www.playchess.de"]
[Date "2006.02.10"]
[Round "5"]
[White "gordi"]
[Black "MasterStefan"]
[WhiteElo "1267"]
[BlackElo "1241"]
[PlyCount "87"]
[Result "1-0"]

1.e4 e5 2.Nf3 Nc6 3.Bb5 Qf6 4.O-O Nge7 5.d3 a6 
6.Bc4 b5 7.Bb3 Bb7 8.Nc3 O-O-O 9.Ng5 Nd4 10.Bxf7 
h6 11.Qh5 Nxc2 12.Rb1 g6 13.Qf3 Qxf3 14.Nxf3 Rh7 
15.Nxe5 Nb4 16.Bd2 Nxd3 17.Bxg6 Nxg6 18.Nxd3 Bg7 
19.b4 Re8 20.Nc5 Bxc3 21.Bxc3 d6 22.Nxb7 Kxb7 
23.Rfe1 Rhe7 24.f3 d5 25.exd5 R7e2 26.Kf1 R2xe1+ 
27.Rxe1 Rxe1+ 28.Kxe1 Kc8 29.Bd2 h5 30.f4 Kd7 
31.Ke2 Kd6 32.f5 Ne7 33.f6 Ng6 34.Bg5 Kxd5 35.Ke3 
Kc4 36.f7 Kxb4 37.Ke4 Ka3 38.Kf5 Nf8 39.Be7+ Kxa2 
40.Bxf8 a5 41.Bg7 a4 42.f8Q a3 43.Qb4 c6 
44.Ke4 1-0

[Event "HCL-E1519"]
[Site "www.playchess.de"]
[Date "2006.02.10"]
[Round "23"]
[White "Abra"]
[Black "scylla"]
[WhiteElo "1561"]
[BlackElo "1455"]
[PlyCount "110"]
[Result "0-1"]

1.e4 {Hello again,gg
}  c5 {ja
}  2.Nf3 d6 3.Bb5+ Bd7 4.Bxd7+ Nxd7 5.O-O Ngf6 
6.d3 g6 7.c3 Bg7 8.h3 O-O 9.Bd2 Qb6 10.Qc2 d5 
11.exd5 Nxd5 12.Na3 Ne5 13.Nxe5 Bxe5 14.Nc4 Qc7 
15.Nxe5 Qxe5 16.Rfe1 Qd6 17.a3 f5 18.Qb3 Kh8 
19.Bh6 Rfe8 20.c4 Nf6 21.Qxb7 Rab8 22.Qxa7 Rxb2 
23.Re3 Ng8 24.Bg5 Qd4 25.Rd1 h6 26.Bxh6 Nxh6 
27.Qa6 Kh7 28.Qc6 Qf4 29.Rf3 Qb8 30.Qxc5 Nf7 
31.Re3 Qd6 32.Qxd6 Nxd6 33.c5 Nb5 34.d4 Kg7 35.d5 
Ra2 36.Rdd3 Kf7 37.g3 Na7 38.Rdb3 Nc8 39.Rb7 Kf8 
40.Kg2 Rc2 41.Rb5 Rd2 42.c6 Nd6 43.Rc5 Ne4 44.Rf3 
Nxc5 45.g4 Rxd5 46.Kg3 Kg7 47.gxf5 Rxf5 48.Re3 e5 
49.f3 Ne6 50.Rc3 Nd4 51.c7 Rxf3+ 52.Rxf3 Nxf3 
53.Kxf3 Kf6 54.Ke4 Rc8 55.h4 Rxc7 0-1

[Event "HCL-C4097"]
[Site "www.playchess.de"]
[Date "2006.02.10"]
[Round "1"]
[White "nuvola75"]
[Black "Kaspov"]
[WhiteElo "800"]
[BlackElo "814"]
[PlyCount "51"]
[Result "1-0"]

1.d4 d5 2.c4 e6 3.Nc3 Bb4 4.a3 Bxc3+ 5.bxc3 Nf6 
6.cxd5 Qxd5 7.Nf3 O-O 8.Bf4 Qc6 9.Qc2 Nd5 10.Bd2 
b6 11.g3 Bb7 12.Bg2 Qc4 13.Ne5 Qb5 14.O-O Qxe2 
15.Rae1 Qa6 16.Rea1 Nc6 17.Be4 Nxe5 18.Bxh7+ Kh8 
19.dxe5 g6 20.Bxg6 fxg6 21.Qxg6 Rf5 22.Qh6+ Kg8 
23.Qxe6+ Rf7 24.Qg6+ Kf8 25.Bh6+ Ke8 
26.e6 1-0

[Event "HCL-B3876"]
[Site "www.playchess.de"]
[Date "2006.02.10"]
[Round "9"]
[White "Mister_Bojangles"]
[Black "kadarzol"]
[WhiteElo "1401"]
[BlackElo "1200"]
[PlyCount "32"]
[Result "0-1"]

1.e4 {Best of luck.}  e5 {you too
}  2.Bc4 Nf6 3.d3 Bc5 4.Bg5 h6 5.Bh4 d6 6.Nc3 Nc6 
7.Qf3 g5 8.Nd5 Nxd5 9.Bxd5 O-O 10.Bxc6 bxc6 11.d4 
Bxd4 12.c3 Bb6 13.Bg3 Qe8 14.Ne2 f5 15.exf5 Bxf5 
16.O-O-O e4 0-1

[Event "HCL-B3850"]
[Site "www.playchess.de"]
[Date "2006.02.10"]
[Round "3"]
[White "Kold_Blooded_Ken"]
[Black "Roy_the_Sealed_Sword"]
[WhiteElo "1350"]
[BlackElo "760"]
[PlyCount "25"]
[Result "1-0"]

1.e4 e6 2.d4 b6 3.Nc3 Bb7 4.Nf3 g6 5.Ng5 Nh6 6.Qf3 
f6 7.Nh3 g5 8.Qh5+ Ke7 9.Be3 a5 10.O-O-O Nf7 11.e5 
fxe5 12.dxe5 Nxe5 13.Bxg5+ 1-0

[Event "HCL-E1564"]
[Site "www.playchess.de"]
[Date "2006.02.10"]
[Round "1"]
[White "ippuli"]
[Black "Matu"]
[WhiteElo "1579"]
[BlackElo "1538"]
[PlyCount "51"]
[Result "1-0"]

1.e4 {Hi again.... Good luck!}  e5 {hi again and 
good luck}  2.d4 {I'll need it... ;-)}  exd4 3.c3 
dxc3 4.Bc4 Bc5 5.Bxf7+ Kxf7 6.Qd5+ Ke8 7.Qxc5 d6 
8.Qxc3 Nc6 9.Qxg7 Qf6 10.Qxc7 Qg6 11.Kf1 Qxe4 
12.Be3 Qc4+ 13.Ne2 Qc2 14.Nbc3 Qxb2 15.Rd1 Nge7 
16.Qxd6 Bg4 17.f3 Rd8 18.Qh6 Rxd1+ 19.Nxd1 Qb1 
20.Kf2 Bf5 21.Re1 Qxa2 22.Ndc3 Qf7 23.Nb5 Qg6 
24.Nd6+ Kd7 25.Rd1 Kc7 26.Qf4 1-0

[Event "HCL-C4073"]
[Site "www.playchess.de"]
[Date "2006.02.10"]
[Round "8"]
[White "JULIUS"]
[Black "IRONMAIDEN"]
[WhiteElo "897"]
[BlackElo "1354"]
[PlyCount "134"]
[Result "0-1"]

1.Nf3 e6 2.e4 Nc6 3.Bb5 a6 4.Bxc6 dxc6 5.d4 g6 
6.Bg5 Be7 7.Bxe7 Nxe7 8.Ne5 Qd6 9.c3 O-O 10.O-O f6 
11.Nc4 Qd7 12.Nbd2 b5 13.Na5 Qd6 14.Nf3 c5 15.dxc5 
Qxc5 16.Re1 Kg7 17.e5 f5 18.Ng5 Qd5 19.Qxd5 Nxd5 
20.Rad1 c5 21.Nc6 h6 22.Nf3 Bb7 23.Na5 Bc8 24.c4 
bxc4 25.Nxc4 Bd7 26.Ne3 Bc6 27.Nxd5 Bxd5 28.b3 c4 
29.bxc4 Bxc4 30.a3 Bd5 31.Nd4 Rfc8 32.Rdc1 Rc4 
33.Rxc4 Bxc4 34.Rc1 Bd5 35.h4 Ra7 36.Kh2 Kf7 
37.Kh3 Ke7 38.Nc6+ Bxc6 39.Rxc6 a5 40.a4 Rd7 
41.Rc5 Rd5 42.Rc7+ Rd7 43.Rxd7+ Kxd7 44.f4 Kc6 
45.g4 h5 46.gxh5 gxh5 47.Kg3 Kc5 48.Kf3 Kb4 49.Ke3 
Kxa4 50.Kd4 Kb4 51.Kd3 Kb3 52.Kd2 a4 53.Kc1 a3 
54.Kb1 a2+ 55.Ka1 Kc3 56.Kxa2 Kd4 57.Kb3 Ke4 
58.Kc3 Kxf4 59.Kd4 Kg4 60.Ke3 Kg3 61.Ke2 f4 62.Kf1 
Kxh4 63.Kg2 Kg4 64.Kf2 h4 65.Kg2 h3+ 66.Kh2 f3 
67.Kh1 Kg3 0-1